000 01326nam a22002777a 4500
001 EPSA 0256
003 gtcocun
005 20250918194643.0
006 a||||gr|||| 00| 0
007 ta
008 250918b2023 gt ||||| m||| 00| 0 eng d
040 _agtcocun
_bSPA
_cgtcocun
_eRDA
041 _aSPA EPSA 0256
084 _0EPSA 0256
100 _aBarrientos Ross, Pablo Manuel
_eAutor
245 _aINFORME FINAL DEL EJERCICIO PROFESIONAL SUPERVISADO REALIZADO EN PROMAXCT, SOCIEDAD ANÓNIMA, PANZÓS, ALTA VERAPAZ./
_cPablo Manuel Barrientos Ross.
_hImpreso
264 _aCobán, Alta Verapaz:
_bUniversidad de San Carlos de Guatemala, Centro Universitario del Norte, Licenciatura en Administración de Empresas
_c2023
300 _a53 p.:
_bIlustraciones, gráficas.
_c28 cm;
502 _eEPSA 0256
502 _aEjercicio Profesional Supervisado
_bLicenciatura en Administración de Empresas,
_cUniversidad de San Carlos de Guatemala, Centro Universitario del Norte, Licenciatura en Administración de Empresas
_d2023
_oEPSA 0256
650 1 4 _2LEMB
_aPanzós, Alta Verapaz.
_xAdministración
_xSituaciones
_xMetas
_xEstrategias
_xAcciones
700 _eAsesor
856 _uSin archivo en línea.
_zSin archivo en línea.
942 _2ddc
_cTES
_iEPSA 0256
_kClasificación
_n0
_6EPSA_0256_000000000000000
999 _c1971
_d1971